[Event "Open"]
[Site "Tallinn, EE"]
[Date "2024.12.15"]
[Round "2.2"]
[White "Rychagov, Nikita"]
[Black "Narva, Mai"]
[Result "1/2-1/2"]
[Board "2"]
[TimeControl "40/5400+30"]
[WhiteFideId "4508394"]
[BlackFideId "4500512"]
[WhiteTitle "CM"]
[BlackTitle "IM"]
[WhiteElo "2240"]
[BlackElo "2413"]
[WhiteTeam "EST"]
[BlackTeam "EST"]
[WhiteClock "0:24:34"]
[BlackClock "0:16:37"]
[Variant "Standard"]

1. e4 {[%clk 1:30:58]}  e5 {[%clk 1:30:53]} 2. Nf3 {[%clk 1:31:26]}  Nc6 {[%clk 1:31:14]} 3. Bb5 {[%clk 1:31:53]}  a6 {[%clk 1:31:35]} 4. Ba4 {[%clk 1:32:21]}  d6 {[%clk 1:31:52]} 5. O-O {[%clk 1:31:53]}  Bd7 {[%clk 1:32:15]} 6. c3 {[%clk 1:32:15]}  Nge7 {[%clk 1:32:35]} 7. d4 {[%clk 1:32:27]}  Ng6 {[%clk 1:32:58]} 8. Bc2 {[%clk 1:32:19]}  Be7 {[%clk 1:32:21]} 9. a4 {[%clk 1:32:20]}  O-O {[%clk 1:30:05]} 10. d5 {[%clk 1:29:19]}  Nb8 {[%clk 1:30:19]} 11. a5 {[%clk 1:29:45]}  f5 {[%clk 1:27:17]} 12. exf5 {[%clk 1:30:09]}  Bxf5 {[%clk 1:27:41]} 13. Bxf5 {[%clk 1:30:30]}  Rxf5 {[%clk 1:28:06]} 14. c4 {[%clk 1:30:41]}  Nd7 {[%clk 1:24:54]} 15. Ra3 {[%clk 1:27:43]}  Qe8 {[%clk 1:17:31]} 16. Nc3 {[%clk 1:21:04]}  Nf4 {[%clk 1:12:41]} 17. Ne2 {[%clk 1:03:34]}  g5 {[%clk 0:57:48]} 18. Ng3 {[%clk 0:58:15]}  Rf8 {[%clk 0:57:57]} 19. Bxf4 {[%clk 0:55:59]}  Rxf4 {[%clk 0:52:53]} 20. Nd2 {[%clk 0:55:10]}  Qg6 {[%clk 0:51:33]} 21. Ne2 {[%clk 0:53:55]}  Rf7 {[%clk 0:51:18]} 22. Qb1 {[%clk 0:52:05]}  Qg7 {[%clk 0:48:29]} 23. Ne4 {[%clk 0:52:16]}  h5 {[%clk 0:42:25]} 24. b4 {[%clk 0:46:00]}  g4 {[%clk 0:40:36]} 25. b5 {[%clk 0:45:09]}  Rb8 {[%clk 0:40:01]} 26. Rb3 {[%clk 0:42:21]}  Rff8 {[%clk 0:40:14]} 27. h3 {[%clk 0:37:48]}  Qg6 {[%clk 0:31:30]} 28. Qd3 {[%clk 0:29:27]}  Kh8 {[%clk 0:26:20]} 29. hxg4 {[%clk 0:27:32]}  hxg4 {[%clk 0:24:54]} 30. Rfb1 {[%clk 0:27:12]}  Kg7 {[%clk 0:20:10]} 31. bxa6 {[%clk 0:20:56]}  bxa6 {[%clk 0:20:34]} 32. Rb7 {[%clk 0:20:52]}  Bh4 {[%clk 0:16:40]} 33. g3 {[%clk 0:20:08]}  Rf3 {[%clk 0:16:12]} 34. Qc2 {[%clk 0:19:22]}  Rxb7 {[%clk 0:15:55]} 35. Rxb7 {[%clk 0:19:48]}  Bd8 {[%clk 0:16:16]} 36. Rb2 {[%clk 0:16:03]}  Ra3 {[%clk 0:14:38]} 37. Qb1 {[%clk 0:10:25]}  Rxa5 {[%clk 0:14:35]} 38. N2c3 {[%clk 0:10:36]}  Nc5 {[%clk 0:08:52]} 39. Rb8 {[%clk 0:10:13]}  Nxe4 {[%clk 0:01:33]} 40. Nxe4 {[%clk 0:25:39]}  Be7 {[%clk 0:16:47]} 41. Rb7 {[%clk 0:24:44]}  Bd8 {[%clk 0:15:53]} 42. Rb8 {[%clk 0:24:23]}  Be7 {[%clk 0:16:13]} 43. Rb7 {[%clk 0:24:10]}  Bd8 {[%clk 0:16:37]} 44. Rb8 {[%clk 0:24:34]} 1/2-1/2

[Event "Open"]
[Site "Tallinn, EE"]
[Date "2024.12.15"]
[Round "2.3"]
[White "Rychagov, Nikita"]
[Black "Narva, Mai"]
[Result "0-1"]
[Board "2"]
[TimeControl "900+3"]
[WhiteFideId "4508394"]
[BlackFideId "4500512"]
[WhiteTitle "CM"]
[BlackTitle "IM"]
[WhiteElo "2310"]
[BlackElo "2384"]
[WhiteTeam "EST"]
[BlackTeam "EST"]
[WhiteClock "0:02:30"]
[BlackClock "0:02:39"]
[Variant "Standard"]

1. e4 {[%clk 0:15:06]}  c5 {[%clk 0:15:03]} 2. Nf3 {[%clk 0:15:07]}  Nc6 {[%clk 0:15:05]} 3. d4 {[%clk 0:15:10]}  cxd4 {[%clk 0:15:06]} 4. Nxd4 {[%clk 0:15:12]}  Nf6 {[%clk 0:15:07]} 5. Nc3 {[%clk 0:15:14]}  e5 {[%clk 0:15:08]} 6. Ndb5 {[%clk 0:15:17]}  d6 {[%clk 0:15:09]} 7. Bg5 {[%clk 0:15:19]}  a6 {[%clk 0:15:06]} 8. Na3 {[%clk 0:15:21]}  b5 {[%clk 0:14:56]} 9. Nd5 {[%clk 0:15:23]}  Be7 {[%clk 0:14:58]} 10. Bxf6 {[%clk 0:15:25]}  Bxf6 {[%clk 0:14:59]} 11. c3 {[%clk 0:15:27]}  O-O {[%clk 0:14:57]} 12. Nc2 {[%clk 0:15:26]}  Bg5 {[%clk 0:14:56]} 13. a4 {[%clk 0:15:23]}  bxa4 {[%clk 0:14:53]} 14. Rxa4 {[%clk 0:15:25]}  a5 {[%clk 0:14:48]} 15. Bc4 {[%clk 0:15:26]}  Rb8 {[%clk 0:14:47]} 16. b3 {[%clk 0:15:29]}  Kh8 {[%clk 0:14:46]} 17. Nce3 {[%clk 0:12:53]}  Bxe3 {[%clk 0:14:43]} 18. Nxe3 {[%clk 0:12:54]}  Ne7 {[%clk 0:14:44]} 19. O-O {[%clk 0:12:30]}  f5 {[%clk 0:14:44]} 20. exf5 {[%clk 0:12:31]}  Bxf5 {[%clk 0:14:45]} 21. Ra2 {[%clk 0:10:31]}  Be4 {[%clk 0:14:45]} 22. Qg4 {[%clk 0:10:05]}  d5 {[%clk 0:11:53]} 23. Rd2 {[%clk 0:10:08]}  Qc7 {[%clk 0:11:27]} 24. Nxd5 {[%clk 0:09:32]}  Bxd5 {[%clk 0:11:16]} 25. Bxd5 {[%clk 0:09:34]}  Qxc3 {[%clk 0:10:46]} 26. Rdd1 {[%clk 0:08:55]}  Nxd5 {[%clk 0:09:13]} 27. Rxd5 {[%clk 0:08:58]}  Rxb3 {[%clk 0:09:10]} 28. Rd7 {[%clk 0:09:00]}  Rg8 {[%clk 0:09:07]} 29. h4 {[%clk 0:08:08]}  Rb4 {[%clk 0:08:49]} 30. Qg5 {[%clk 0:08:10]}  h6 {[%clk 0:08:29]} 31. Qe7 {[%clk 0:08:13]}  a4 {[%clk 0:07:56]} 32. Rc7 {[%clk 0:07:14]}  Qd4 {[%clk 0:07:41]} 33. Rd7 {[%clk 0:06:23]}  Qb2 {[%clk 0:06:58]} 34. Rd8 {[%clk 0:04:26]}  a3 {[%clk 0:03:44]} 35. Rxg8+ {[%clk 0:04:25]}  Kxg8 {[%clk 0:03:46]} 36. Qd8+ {[%clk 0:03:03]}  Kh7 {[%clk 0:03:46]} 37. Qd3+ {[%clk 0:03:05]}  e4 {[%clk 0:03:43]} 38. Qd5 {[%clk 0:03:07]}  Rb8 {[%clk 0:02:37]} 39. Qxe4+ {[%clk 0:02:30]}  Kh8 {[%clk 0:02:39]} 0-1

[Event "Open"]
[Site "Tallinn, EE"]
[Date "2024.12.15"]
[Round "2.4"]
[White "Narva, Mai"]
[Black "Rychagov, Nikita"]
[Result "1-0"]
[Board "2"]
[TimeControl "900+3"]
[WhiteFideId "4500512"]
[BlackFideId "4508394"]
[WhiteTitle "IM"]
[BlackTitle "CM"]
[WhiteElo "2384"]
[BlackElo "2310"]
[WhiteTeam "EST"]
[BlackTeam "EST"]
[WhiteClock "0:10:21"]
[BlackClock "0:08:49"]
[Variant "Standard"]

1. e4 {[%clk 0:15:05]}  e5 {[%clk 0:15:06]} 2. Nf3 {[%clk 0:15:06]}  Nc6 {[%clk 0:15:08]} 3. Bb5 {[%clk 0:15:06]}  a6 {[%clk 0:15:10]} 4. Ba4 {[%clk 0:15:08]}  Nf6 {[%clk 0:15:08]} 5. O-O {[%clk 0:15:08]}  Nxe4 {[%clk 0:15:05]} 6. d4 {[%clk 0:15:08]}  b5 {[%clk 0:15:03]} 7. Bb3 {[%clk 0:15:10]}  d5 {[%clk 0:15:06]} 8. dxe5 {[%clk 0:15:11]}  Be6 {[%clk 0:15:08]} 9. Be3 {[%clk 0:15:10]}  Be7 {[%clk 0:15:01]} 10. c3 {[%clk 0:15:10]}  O-O {[%clk 0:14:53]} 11. Nbd2 {[%clk 0:15:10]}  Bg4 {[%clk 0:14:47]} 12. Nxe4 {[%clk 0:15:08]}  dxe4 {[%clk 0:14:49]} 13. Qd5 {[%clk 0:15:04]}  exf3 {[%clk 0:13:19]} 14. Qxc6 {[%clk 0:15:05]}  fxg2 {[%clk 0:13:19]} 15. Qxg2 {[%clk 0:15:03]}  Qd7 {[%clk 0:12:37]} 16. Bh6 {[%clk 0:14:57]}  gxh6 {[%clk 0:11:56]} 17. f3 {[%clk 0:14:58]}  Kh8 {[%clk 0:11:54]} 18. fxg4 {[%clk 0:14:47]}  Bc5+ {[%clk 0:10:50]} 19. Kh1 {[%clk 0:14:48]}  Rae8 {[%clk 0:10:51]} 20. Rae1 {[%clk 0:13:05]}  h5 {[%clk 0:10:11]} 21. g5 {[%clk 0:11:51]}  Qe7 {[%clk 0:09:49]} 22. Rf6 {[%clk 0:10:53]}  Bd6 {[%clk 0:09:23]} 23. Bc2 {[%clk 0:10:34]}  Rg8 {[%clk 0:08:47]} 24. Qe4 {[%clk 0:10:27]}  Rg7 {[%clk 0:08:49]} 25. exd6 {[%clk 0:10:21]} 1-0

[Event "Open"]
[Site "Tallinn, EE"]
[Date "2024.12.14"]
[Round "2.1"]
[White "Timoshin, Andrei"]
[Black "Obolonin, Filipp"]
[Result "0-1"]
[Board "3"]
[TimeControl "40/5400+30"]
[WhiteFideId "4503503"]
[BlackFideId "4505549"]
[WhiteElo "2207"]
[BlackElo "2009"]
[WhiteTeam "EST"]
[BlackTeam "EST"]
[WhiteClock "0:00:55"]
[BlackClock "0:50:57"]
[Variant "Standard"]

1. e4 {[%clk 1:30:57]}  c5 {[%clk 1:30:45]} 2. c3 {[%clk 1:31:15]}  e6 {[%clk 1:31:07]} 3. d4 {[%clk 1:31:35]}  d5 {[%clk 1:30:57]} 4. exd5 {[%clk 1:31:16]}  Qxd5 {[%clk 1:31:16]} 5. Nf3 {[%clk 1:30:51]}  Nc6 {[%clk 1:31:36]} 6. Be3 {[%clk 1:30:32]}  cxd4 {[%clk 1:31:59]} 7. cxd4 {[%clk 1:30:46]}  Nf6 {[%clk 1:32:13]} 8. Nc3 {[%clk 1:30:19]}  Qa5 {[%clk 1:31:44]} 9. Bd3 {[%clk 1:26:49]}  Be7 {[%clk 1:29:52]} 10. O-O {[%clk 1:26:31]}  O-O {[%clk 1:30:16]} 11. a3 {[%clk 1:24:52]}  Qd8 {[%clk 1:27:48]} 12. Bc2 {[%clk 1:16:45]}  b6 {[%clk 1:27:09]} 13. Qd3 {[%clk 1:10:58]}  Bb7 {[%clk 1:25:49]} 14. Rfd1 {[%clk 1:09:16]}  g6 {[%clk 1:25:55]} 15. Bh6 {[%clk 0:56:06]}  Re8 {[%clk 1:25:53]} 16. Bb3 {[%clk 0:55:39]}  Bf8 {[%clk 1:23:09]} 17. Bxf8 {[%clk 0:46:33]}  Rxf8 {[%clk 1:23:31]} 18. Ne5 {[%clk 0:31:13]}  Ne7 {[%clk 1:18:56]} 19. Re1 {[%clk 0:27:43]}  Ned5 {[%clk 1:18:44]} 20. Nxd5 {[%clk 0:27:52]}  Bxd5 {[%clk 1:18:57]} 21. Ba4 {[%clk 0:27:55]}  a6 {[%clk 1:16:56]} 22. Rec1 {[%clk 0:25:18]}  b5 {[%clk 1:17:03]} 23. Bd1 {[%clk 0:25:45]}  Qd6 {[%clk 1:13:11]} 24. Be2 {[%clk 0:20:04]}  Rac8 {[%clk 1:10:50]} 25. Qg3 {[%clk 0:19:05]}  Kg7 {[%clk 1:10:43]} 26. Qf4 {[%clk 0:19:19]}  Qe7 {[%clk 1:09:00]} 27. g4 {[%clk 0:17:17]}  h6 {[%clk 1:05:38]} 28. h4 {[%clk 0:16:29]}  Ne4 {[%clk 1:04:47]} 29. Bd3 {[%clk 0:14:20]}  g5 {[%clk 1:03:25]} 30. Qe3 {[%clk 0:13:17]}  Nd6 {[%clk 1:02:10]} 31. h5 {[%clk 0:05:22]}  Ba8 {[%clk 1:01:06]} 32. f3 {[%clk 0:04:21]}  Rfd8 {[%clk 1:00:09]} 33. Rxc8 {[%clk 0:04:21]}  Rxc8 {[%clk 1:00:31]} 34. Re1 {[%clk 0:03:45]}  Bd5 {[%clk 0:59:18]} 35. Bb1 {[%clk 0:03:46]}  Nc4 {[%clk 0:57:53]} 36. Qd3 {[%clk 0:03:31]}  Rh8 {[%clk 0:58:13]} 37. Nxc4 {[%clk 0:02:45]}  bxc4 {[%clk 0:58:18]} 38. Qe3 {[%clk 0:02:56]}  Qf6 {[%clk 0:58:34]} 39. Be4 {[%clk 0:00:48]}  Rb8 {[%clk 0:58:33]} 40. Qf2 {[%clk 0:15:35]}  Qf4 {[%clk 1:12:31]} 41. Kg2 {[%clk 0:06:35]}  Rb3 {[%clk 1:10:33]} 42. Re2 {[%clk 0:05:25]}  Bxe4 {[%clk 1:06:17]} 43. Rxe4 {[%clk 0:05:41]}  Qc1 {[%clk 1:06:43]} 44. Re2 {[%clk 0:05:18]}  c3 {[%clk 1:07:07]} 45. d5 {[%clk 0:01:03]}  Rxb2 {[%clk 1:07:09]} 46. dxe6 {[%clk 0:00:47]}  Rxe2 {[%clk 0:55:32]} 47. Qxe2 {[%clk 0:01:16]}  Kf8 {[%clk 0:52:44]} 48. Qe5 {[%clk 0:00:38]}  Qd2+ {[%clk 0:52:11]} 49. Kh3 {[%clk 0:01:05]}  Ke7 {[%clk 0:49:26]} 50. exf7+ {[%clk 0:01:05]}  Kxf7 {[%clk 0:49:51]} 51. Qc7+ {[%clk 0:01:00]}  Ke6 {[%clk 0:50:07]} 52. Qc6+ {[%clk 0:00:49]}  Ke5 {[%clk 0:50:31]} 53. Qe4+ {[%clk 0:01:13]}  Kd6 {[%clk 0:50:58]} 54. Qb4+ {[%clk 0:01:33]}  Kc7 {[%clk 0:49:45]} 55. Qc5+ {[%clk 0:01:38]}  Kd7 {[%clk 0:50:00]} 56. Qa7+ {[%clk 0:01:26]}  Kc6 {[%clk 0:50:03]} 57. Qxa6+ {[%clk 0:00:51]}  Kc5 {[%clk 0:50:27]} 58. Qa5+ {[%clk 0:00:37]}  Kd4 {[%clk 0:50:23]} 59. Qa7+ {[%clk 0:00:33]}  Kd3 {[%clk 0:50:45]} 60. Qh7+ {[%clk 0:00:52]}  Ke3 {[%clk 0:51:04]} 61. Qe4+ {[%clk 0:00:35]}  Kf2 {[%clk 0:51:16]} 62. Qe5 {[%clk 0:00:36]}  Kxf3 {[%clk 0:50:38]} 63. Qg3+ {[%clk 0:00:32]}  Ke4 {[%clk 0:50:57]} 64. Qb8 {[%clk 0:00:34]}  c2 {[%clk 0:50:40]} 65. Qe8+ {[%clk 0:00:39]}  Kf3 {[%clk 0:50:56]} 66. Qc6+ {[%clk 0:00:55]}  Ke2 {[%clk 0:51:19]} 67. Qg2+ {[%clk 0:01:10]}  Ke3 {[%clk 0:50:52]} 68. Qg1+ {[%clk 0:00:54]}  Kd3 {[%clk 0:50:20]} 69. Qf1+ {[%clk 0:01:05]}  Qe2 {[%clk 0:50:46]} 70. Qf5+ {[%clk 0:01:30]}  Kd2 {[%clk 0:51:05]} 71. Qa5+ {[%clk 0:01:44]}  Kd1 {[%clk 0:50:57]} 72. Qd5+ {[%clk 0:02:00]}  Ke1 {[%clk 0:49:58]} 73. Qa5+ {[%clk 0:01:24]}  Kf1 {[%clk 0:50:22]} 74. Qf5+ {[%clk 0:01:40]}  Kg1 {[%clk 0:50:33]} 75. Qc5+ {[%clk 0:00:55]}  Qf2 {[%clk 0:50:57]} 0-1

[Event "Open"]
[Site "Tallinn, EE"]
[Date "2024.12.15"]
[Round "2.2"]
[White "Obolonin, Filipp"]
[Black "Timoshin, Andrei"]
[Result "1-0"]
[Board "3"]
[TimeControl "40/5400+30"]
[WhiteFideId "4505549"]
[BlackFideId "4503503"]
[WhiteElo "2009"]
[BlackElo "2207"]
[WhiteTeam "EST"]
[BlackTeam "EST"]
[WhiteClock "1:00:02"]
[BlackClock "0:01:27"]
[Variant "Standard"]

1. d4 {[%clk 1:30:54]}  Nf6 {[%clk 1:31:09]} 2. Nf3 {[%clk 1:31:19]}  b6 {[%clk 1:31:28]} 3. g3 {[%clk 1:31:44]}  Bb7 {[%clk 1:31:53]} 4. Bg2 {[%clk 1:32:10]}  c5 {[%clk 1:32:17]} 5. O-O {[%clk 1:32:29]}  cxd4 {[%clk 1:32:00]} 6. Qxd4 {[%clk 1:32:44]}  g6 {[%clk 1:30:51]} 7. c4 {[%clk 1:32:15]}  Bg7 {[%clk 1:31:09]} 8. Nc3 {[%clk 1:32:40]}  O-O {[%clk 1:31:27]} 9. Qd3 {[%clk 1:33:04]}  Na6 {[%clk 1:29:50]} 10. Bg5 {[%clk 1:28:49]}  h6 {[%clk 1:28:59]} 11. Bxf6 {[%clk 1:28:46]}  Bxf6 {[%clk 1:29:17]} 12. Rad1 {[%clk 1:28:31]}  d6 {[%clk 1:28:56]} 13. b3 {[%clk 1:28:39]}  Nc5 {[%clk 1:26:58]} 14. Qd2 {[%clk 1:29:00]}  h5 {[%clk 1:24:51]} 15. h4 {[%clk 1:29:21]}  Qd7 {[%clk 1:16:52]} 16. Ng5 {[%clk 1:28:23]}  Bxg2 {[%clk 1:14:40]} 17. Kxg2 {[%clk 1:28:48]}  Qb7+ {[%clk 1:14:12]} 18. Kg1 {[%clk 1:29:12]}  Bg7 {[%clk 1:10:20]} 19. Qc2 {[%clk 1:23:54]}  Rfd8 {[%clk 0:53:57]} 20. Nce4 {[%clk 1:21:50]}  a6 {[%clk 0:51:45]} 21. Rd5 {[%clk 1:18:19]}  Nxe4 {[%clk 0:47:32]} 22. Qxe4 {[%clk 1:15:47]}  Qd7 {[%clk 0:30:36]} 23. Rfd1 {[%clk 1:15:20]}  Rac8 {[%clk 0:28:34]} 24. Qf4 {[%clk 1:12:46]}  Rf8 {[%clk 0:28:26]} 25. Nf3 {[%clk 1:11:03]}  Qg4 {[%clk 0:18:52]} 26. Qe3 {[%clk 1:10:52]}  Qe6 {[%clk 0:17:57]} 27. Qd3 {[%clk 1:10:07]}  b5 {[%clk 0:14:48]} 28. cxb5 {[%clk 1:00:00]}  Rc3 {[%clk 0:15:14]} 29. Qd2 {[%clk 1:00:08]}  Rfc8 {[%clk 0:15:31]} 30. Ne1 {[%clk 0:55:03]}  Kh7 {[%clk 0:11:44]} 31. e3 {[%clk 0:47:46]}  Bh6 {[%clk 0:11:31]} 32. Rd3 {[%clk 0:46:28]}  R3c7 {[%clk 0:03:46]} 33. bxa6 {[%clk 0:46:25]}  Ra7 {[%clk 0:01:34]} 34. Rc1 {[%clk 0:46:41]}  Rxa6 {[%clk 0:01:09]} 35. Rdc3 {[%clk 0:44:55]}  Rca8 {[%clk 0:01:29]} 36. R1c2 {[%clk 0:45:19]}  Qe4 {[%clk 0:01:15]} 37. Rc8 {[%clk 0:45:13]}  R8a7 {[%clk 0:01:03]} 38. R8c7 {[%clk 0:45:35]}  Ra8 {[%clk 0:00:53]} 39. Rc8 {[%clk 0:45:33]}  Bg7 {[%clk 0:15:36]} 40. Rxa8 {[%clk 1:00:45]}  Qxa8 {[%clk 0:16:01]} 41. Nd3 {[%clk 1:00:43]}  e6 {[%clk 0:15:46]} 42. Nf4 {[%clk 1:00:06]}  d5 {[%clk 0:13:59]} 43. Nh3 {[%clk 0:59:04]}  Be5 {[%clk 0:14:20]} 44. Ng5+ {[%clk 0:59:06]}  Kg7 {[%clk 0:14:49]} 45. Nf3 {[%clk 0:59:17]}  Bf6 {[%clk 0:15:13]} 46. Nd4 {[%clk 0:59:40]}  Qb7 {[%clk 0:07:51]} 47. a4 {[%clk 0:58:42]}  Rd6 {[%clk 0:03:18]} 48. Nb5 {[%clk 0:57:24]}  Rd7 {[%clk 0:03:47]} 49. Qc1 {[%clk 0:57:25]}  Bd8 {[%clk 0:03:25]} 50. Rc6 {[%clk 0:57:07]}  e5 {[%clk 0:03:09]} 51. Qc5 {[%clk 0:56:57]}  Be7 {[%clk 0:02:38]} 52. Qc3 {[%clk 0:56:20]}  Bf6 {[%clk 0:01:41]} 53. Rc7 {[%clk 0:56:16]}  Rxc7 {[%clk 0:01:07]} 54. Qxc7 {[%clk 0:56:40]}  Qa8 {[%clk 0:00:35]} 55. Nd6 {[%clk 0:57:03]}  Qf8 {[%clk 0:00:41]} 56. Qd7 {[%clk 0:57:06]}  Be7 {[%clk 0:00:49]} 57. Ne8+ {[%clk 0:57:12]}  Kg8 {[%clk 0:00:42]} 58. a5 {[%clk 0:57:35]}  d4 {[%clk 0:00:34]} 59. exd4 {[%clk 0:57:18]}  exd4 {[%clk 0:01:00]} 60. a6 {[%clk 0:56:56]}  Bc5 {[%clk 0:01:21]} 61. a7 {[%clk 0:57:06]}  Bxa7 {[%clk 0:01:09]} 62. Qxa7 {[%clk 0:57:24]}  Qxe8 {[%clk 0:01:37]} 63. Qxd4 {[%clk 0:57:44]}  Qe2 {[%clk 0:00:53]} 64. b4 {[%clk 0:58:03]}  Kh7 {[%clk 0:00:56]} 65. Qc5 {[%clk 0:58:20]}  Qe1+ {[%clk 0:00:46]} 66. Kh2 {[%clk 0:58:42]}  Qd2 {[%clk 0:00:51]} 67. b5 {[%clk 0:59:02]}  Qe2 {[%clk 0:00:55]} 68. b6 {[%clk 0:59:08]}  Qb2 {[%clk 0:01:23]} 69. Kg2 {[%clk 0:59:21]}  Qe2 {[%clk 0:01:14]} 70. Qc6 {[%clk 0:59:43]}  g5 {[%clk 0:01:27]} 71. Qf3 {[%clk 1:00:02]} 1-0

[Event "Open"]
[Site "Tallinn, EE"]
[Date "2024.12.14"]
[Round "2.1"]
[White "Kanep, Meelis"]
[Black "Krivenko, Dion"]
[Result "1-0"]
[Board "4"]
[TimeControl "40/5400+30"]
[WhiteFideId "4501047"]
[BlackFideId "4508378"]
[WhiteTitle "GM"]
[BlackTitle "FM"]
[WhiteElo "2377"]
[BlackElo "2269"]
[WhiteTeam "EST"]
[BlackTeam "EST"]
[WhiteClock "0:08:51"]
[BlackClock "0:04:00"]
[Variant "Standard"]

1. d4 {[%clk 1:28:16]}  Nf6 {[%clk 1:30:54]} 2. c4 {[%clk 1:28:37]}  g6 {[%clk 1:31:18]} 3. Nc3 {[%clk 1:28:09]}  Bg7 {[%clk 1:31:41]} 4. e4 {[%clk 1:27:44]}  d6 {[%clk 1:31:57]} 5. Be2 {[%clk 1:24:58]}  O-O {[%clk 1:31:29]} 6. Be3 {[%clk 1:25:16]}  c5 {[%clk 1:29:44]} 7. d5 {[%clk 1:21:03]}  b5 {[%clk 1:26:36]} 8. cxb5 {[%clk 1:20:28]}  Qa5 {[%clk 1:25:53]} 9. Bd2 {[%clk 1:20:32]}  a6 {[%clk 1:24:41]} 10. a4 {[%clk 1:12:35]}  axb5 {[%clk 1:21:24]} 11. Bxb5 {[%clk 1:10:40]}  Ba6 {[%clk 1:18:49]} 12. Nge2 {[%clk 1:04:07]}  Bxb5 {[%clk 1:12:49]} 13. Nxb5 {[%clk 1:02:08]}  Qb6 {[%clk 1:13:00]} 14. Nec3 {[%clk 1:00:28]}  Na6 {[%clk 1:08:12]} 15. O-O {[%clk 1:00:10]}  Ne8 {[%clk 0:52:57]} 16. Bg5 {[%clk 0:44:02]}  Qb7 {[%clk 0:48:56]} 17. Qd2 {[%clk 0:42:06]}  c4 {[%clk 0:46:28]} 18. Qe2 {[%clk 0:33:00]}  Rc8 {[%clk 0:41:24]} 19. Be3 {[%clk 0:33:11]}  Nf6 {[%clk 0:34:43]} 20. Na7 {[%clk 0:23:48]}  Ra8 {[%clk 0:32:39]} 21. Nc6 {[%clk 0:23:19]}  Nb4 {[%clk 0:32:56]} 22. Qxc4 {[%clk 0:20:46]}  Nc2 {[%clk 0:33:10]} 23. Rab1 {[%clk 0:20:05]}  Nxe3 {[%clk 0:33:29]} 24. fxe3 {[%clk 0:20:33]}  Ng4 {[%clk 0:33:11]} 25. Rfe1 {[%clk 0:19:23]}  Ne5 {[%clk 0:29:58]} 26. Qb5 {[%clk 0:17:28]}  Qc7 {[%clk 0:29:30]} 27. Rbc1 {[%clk 0:13:13]}  Nxc6 {[%clk 0:27:16]} 28. dxc6 {[%clk 0:12:02]}  Bxc3 {[%clk 0:26:39]} 29. Rxc3 {[%clk 0:11:15]}  Rfb8 {[%clk 0:26:42]} 30. Qe2 {[%clk 0:08:23]}  Rxa4 {[%clk 0:25:03]} 31. Qc2 {[%clk 0:08:47]}  Rbb4 {[%clk 0:17:06]} 32. b3 {[%clk 0:08:04]}  Ra5 {[%clk 0:17:22]} 33. Rd1 {[%clk 0:07:13]}  e6 {[%clk 0:13:09]} 34. Qd3 {[%clk 0:02:28]}  d5 {[%clk 0:10:07]} 35. exd5 {[%clk 0:02:55]}  exd5 {[%clk 0:10:36]} 36. Qd2 {[%clk 0:00:58]}  Rb6 {[%clk 0:08:14]} 37. Rdc1 {[%clk 0:01:07]}  Rba6 {[%clk 0:06:22]} 38. Qd4 {[%clk 0:01:09]}  Rb5 {[%clk 0:05:06]} 39. h3 {[%clk 0:00:38]}  Ra2 {[%clk 0:03:49]} 40. Qf4 {[%clk 0:15:46]}  Qxf4 {[%clk 0:17:23]} 41. exf4 {[%clk 0:12:26]}  Rb8 {[%clk 0:01:58]} 42. Rc5 {[%clk 0:11:10]}  Rd2 {[%clk 0:01:55]} 43. c7 {[%clk 0:11:02]}  Rc8 {[%clk 0:02:21]} 44. Rb5 {[%clk 0:10:58]}  Re2 {[%clk 0:02:21]} 45. Rb8 {[%clk 0:11:13]}  Ree8 {[%clk 0:02:46]} 46. Rxc8 {[%clk 0:11:37]}  Rxc8 {[%clk 0:03:13]} 47. b4 {[%clk 0:10:37]}  Kf8 {[%clk 0:03:36]} 48. Kf2 {[%clk 0:09:18]}  Ke7 {[%clk 0:04:00]} 49. Ke3 {[%clk 0:08:51]} 1-0

[Event "Open"]
[Site "Tallinn, EE"]
[Date "2024.12.15"]
[Round "2.2"]
[White "Krivenko, Dion"]
[Black "Kanep, Meelis"]
[Result "0-1"]
[Board "4"]
[TimeControl "40/5400+30"]
[WhiteFideId "4508378"]
[BlackFideId "4501047"]
[WhiteTitle "FM"]
[BlackTitle "GM"]
[WhiteElo "2269"]
[BlackElo "2377"]
[WhiteTeam "EST"]
[BlackTeam "EST"]
[WhiteClock "0:02:01"]
[BlackClock "0:05:51"]
[Variant "Standard"]

1. e4 {[%clk 1:30:58]}  c5 {[%clk 1:29:35]} 2. Nf3 {[%clk 1:31:24]}  d6 {[%clk 1:29:34]} 3. d4 {[%clk 1:31:49]}  cxd4 {[%clk 1:29:56]} 4. Qxd4 {[%clk 1:32:15]}  Nc6 {[%clk 1:30:02]} 5. Bb5 {[%clk 1:32:07]}  a6 {[%clk 1:29:40]} 6. Bxc6+ {[%clk 1:32:30]}  bxc6 {[%clk 1:30:04]} 7. c4 {[%clk 1:32:35]}  e5 {[%clk 1:29:56]} 8. Qd3 {[%clk 1:33:00]}  Ne7 {[%clk 1:30:05]} 9. c5 {[%clk 1:32:59]}  Ng6 {[%clk 1:17:37]} 10. cxd6 {[%clk 1:33:12]}  Qxd6 {[%clk 1:17:20]} 11. Qxd6 {[%clk 1:32:26]}  Bxd6 {[%clk 1:17:44]} 12. O-O {[%clk 1:32:54]}  a5 {[%clk 1:15:34]} 13. Nc3 {[%clk 1:31:09]}  a4 {[%clk 1:04:26]} 14. Be3 {[%clk 1:31:06]}  Be6 {[%clk 0:56:21]} 15. Rfc1 {[%clk 1:27:01]}  f6 {[%clk 0:48:15]} 16. Nd1 {[%clk 1:25:10]}  Ra6 {[%clk 0:43:02]} 17. Ne1 {[%clk 1:21:33]}  Nf8 {[%clk 0:40:40]} 18. Nd3 {[%clk 1:20:51]}  Nd7 {[%clk 0:40:35]} 19. Bd2 {[%clk 1:08:36]}  Kf7 {[%clk 0:27:34]} 20. Ne3 {[%clk 0:54:29]}  Rb8 {[%clk 0:27:45]} 21. Nc4 {[%clk 0:46:08]}  Be7 {[%clk 0:28:06]} 22. Be3 {[%clk 0:36:48]}  c5 {[%clk 0:19:52]} 23. Kf1 {[%clk 0:28:32]}  Rc8 {[%clk 0:19:08]} 24. Rc3 {[%clk 0:21:44]}  Nb6 {[%clk 0:15:09]} 25. Nxb6 {[%clk 0:08:50]}  Rxb6 {[%clk 0:15:27]} 26. a3 {[%clk 0:08:21]}  Rb5 {[%clk 0:15:06]} 27. Bc1 {[%clk 0:01:01]}  c4 {[%clk 0:14:18]} 28. Ne1 {[%clk 0:01:28]}  Bc5 {[%clk 0:13:45]} 29. Rc2 {[%clk 0:00:46]}  Bd4 {[%clk 0:12:55]} 30. Nf3 {[%clk 0:01:11]}  c3 {[%clk 0:09:18]} 31. bxc3 {[%clk 0:00:39]}  Bxc3 {[%clk 0:09:15]} 32. Rxc3 {[%clk 0:00:38]}  Rxc3 {[%clk 0:09:38]} 33. Bd2 {[%clk 0:00:46]}  Rc4 {[%clk 0:06:09]} 34. Re1 {[%clk 0:00:43]}  Rb2 {[%clk 0:06:00]} 35. Bb4 {[%clk 0:00:32]}  Rcc2 {[%clk 0:06:07]} 36. Kg1 {[%clk 0:00:59]}  Rxf2 {[%clk 0:06:07]} 37. Rc1 {[%clk 0:01:22]}  Rxg2+ {[%clk 0:06:15]} 38. Kh1 {[%clk 0:01:51]}  Rgc2 {[%clk 0:06:30]} 39. Rf1 {[%clk 0:02:01]}  Rf2 {[%clk 0:05:51]} 0-1